00939nab a22001937a 4500003000400000005001700004008004100021040000700062100002700069245010500096300001500201500003800216505025000254505007200504650002300576650002700599650001700626773010200643OSt20260128020304.0190514b xxu||||| |||| 00| 0 spa d cPJ aLlugdar, Hugo Andrés10aDe la autonomía progresiva a la bancarización bursátil de la adolescencia /cHugo A. Llugdar.  ap. 170-178 aCita: TR LALEY AR/DOC/2509/2025.  aSumario: I. Introducción.— II. Capacidad jurídica de ejercicio de los adolescentes.— III. La autonomía progresiva y los derechos patrimoniales.— IV. Los niños al mundo financiero.— V. ¿Y el Cód. Civ. y Com.?— VI. Corolario.  tSi te interesa el texto, comunicate a koha@justierradelfuego.gov.ar 0aDERECHO DE FAMILIA 0aAUTONOMÍA PROGRESIVA 0aADOLESCENTES0 02844dBuenos Aires : AbeledoPerrot, 1989-tDerecho de familia. N° 122 - Noviembre 2025z18511201